Audit informačného systému: seriózna disciplína alebo módny termín?

Bibliographic Details
Main Author: Svatá, Vlasta (Author)
Other Authors: Tumpach, Miloš, 1970- (Translator)
Format: Article
Language:Slovak
ISSN:1335-2024
Subjects:

MARC

LEADER 00000nab a2200000 a 4500
001 vtls000743958
003 SK-MaSNL
005 20260302193832.0
008 180205c2000 xo 0 slo
015 |a SNBRB2001/01-03367 
035 |a CLN000095795 
040 |a SNKBUCL  |b slo  |c SNKBUCL  |e AACR2 
041 0 |a slo 
044 |a xo  |c SK 
080 |a 657.63:002.6  |2 UDC-MRF-SK2 
080 |a 002.6  |2 UDC-MRF-SK2 
080 |a 681.3  |2 UDC-MRF-SK2 
100 1 |a Svatá, Vlasta  |4 aut  |9 560518 
245 1 0 |a Audit informačného systému: seriózna disciplína alebo módny termín?  |c Vlasta Svatá ; preložil Miloš Tumpach 
650 0 7 |a systémy informačné  |x audit  |2 snkbucl  |9 913095 
650 0 7 |a audit  |2 snkbucl  |9 2834 
655 7 |a články z novín a časopisov  |2 snkbucl  |9 267496 
700 1 |a Tumpach, Miloš,  |d 1970-  |4 trl  |9 123741 
773 0 |x 1335-2024  |t Účtovníctvo. Audítorstvo. Daňovníctvo  |g Roč. 8, č. mimoriadne (2000), s. 425-428 
850 |a Slovenská národná knižnica v Martine 
852 |a SNK  |b KIS3GCP 
958 |a RBX 
999 |c 1446092  |d 1448022